000 00740nam a2200229 i 4500
001 84032
003 ES-MaACL
005 20250916194326.0
007 t|
008 041119s1970 sp ||||1| spa d
080 _a850-133"15"
100 1 _aTasso, Torquato (
_d1544-1595)
_9109373
245 1 0 _aAminta /
_cJuan de Jáuregui, traducido de Torquato Tasso ; edición, introducción y notas de Joaquín Arce.
260 _aMadrid :
_bCastalia,
_c[1970]
300 _a129 p., 1 lám. ;
_c18 cm.
490 1 _aClásicos Castalia ;
_v27
700 1 _aJáuregui, Juan de,
_d1583-1641
_966187
700 1 _aArce, Joaquín.
_9180960
830 1 _aClásicos Castalia ;
_v27
_9178595
852 _aES-MaACL
_jE-8498
999 _c84032
_d84032